Statistics for Robert Graves Bibliography

Click here to take the quiz!

General Stats

  • This quiz has been taken 2 times
  • The average score is 8 of 123

Answer Stats

Type Year Name % Correct
Novel1934I, Claudius
100%
Poetry Collection1917Fairies and Fusiliers
50%
Poetry Collection1975Collected Poems 1975
50%
Poetry Collection1959Collected Poems 1959
50%
Poetry Collection1955Collected Poems 1955
50%
Poetry Collection1948Collected Poems (1914-1947)
50%
Novel1934Claudius the God and his Wife Messalina
50%
Autobiography1929Good-Bye to All That
50%
Poetry Collection1973Timeless Meeting: Poems
50%
Poetry Collection1938Collected Poems
50%
Poetry Collection1986Selected Poems
50%
Letter Collection1984Between Moon and Moon: Selected Letters 1946-1972
0%
Non-Fiction Book1962The Siege and Fall of Troy
0%
Non-Fiction Book1965Mammon and the Black Goddess
0%
Non-Fiction Book1965Majorca Observed
0%
Poetry Collection1965One Hard Look
0%
Poetry Collection1965Love Respelt
0%
Non-Fiction Book1964Hebrew Myths: The Book of Genesis
0%
Short Story Collection1964Collected Short Stories
0%
Poetry Collection1996Complete Poems Volume 2
0%
Poetry Collection1964Ann at Highwood Hall: Poems for Children
0%
Poetry Collection1964Man Does, Woman Is
0%
Non-Fiction Book1962The Big Green Book
0%
Non-Fiction Book1962Oxford Addresses on Poetry
0%
Non-Fiction Book1966Two Wise Children
0%
Poetry Collection1962The More Deserving Cases: Eighteen Old Poems for Reconsideration
0%
Poetry Collection1962New Poems 1962
0%
Writings Collection1961Selected Poetry and Prose
0%
Poetry Collection1961More Poems 1961
0%
Poetry Collection1999Complete Poems Volume 3
0%
Non-Fiction Book1960Greek Gods and Heroes
0%
Non-Fiction Book1960Food for Centaurs
0%
Poetry Collection1960The Penny Fiddle: Poems for Children
0%
Non-Fiction Book1959The Anger of Achilles
0%
Non-Fiction Book2000Some Speculations on Literature, History, and Religion
0%
Poetry Collection1966Seventeen Poems Missing from "Love Respelt"
0%
Poetry Collection1967Colophon to "Love Respelt"
0%
Letter Collection1982In Broken Images: Selected Letters 1914-1946
0%
Poetry Collection1970Poems 1968-1970
0%
Novel1980An Ancient Castle
0%
Poetry Collection1977New Collected Poems
0%
Poetry Collection1974At the Gate
0%
Speech19885 November Address
0%
Non-Fiction Book1972Difficult Questions, Easy Answers
0%
Poetry Collection1972DeyĆ”, A Portfolio
0%
Poetry Collection1972Poems 1970-1972
0%
Poetry Collection1971Poems: Abridged for Dolls and Princes
0%
Poetry Collection1971The Green-Veiled Vessel
0%
Poetry Collection1995Complete Poems Volume 1
0%
Essay Collection1969On Poetry: Collected Talks and Essays
0%
Non-Fiction Book1967The Rubaiyyat of Omar Khayyam
0%
Non-Fiction Book1969The Crane Bag
0%
Poetry Collection1969Beyond Giving
0%
Poetry Collection1969Love Respelt Again
0%
Essay Collection1995Collected Writings on Poetry
0%
Short Story Collection1995Complete Short Stories
0%
Poetry Collection1969Poems About Love
0%
Non-Fiction Book1958Steps
0%
Non-Fiction Book1968Greek Myths and Legends
0%
Non-Fiction Book1968The Poor Boy Who Followed His Star
0%
Poetry Collection1968Poems 1965-1968
0%
Non-Fiction Book19585 Pens in Hand
0%
Short Story Collection1956Catacrok: Mostly Stories, Mostly Funny
0%
Non-Fiction Book1957Jesus in Rome
0%
Non-Fiction Book1927The English Ballad: A Short Critical Survey
0%
Novel1933The Real David Copperfield
0%
Poetry Collection1933Poems 1930-1933
0%
Novel1932No Decency Left
0%
Poetry Collection1931To Whom Else?
0%
Non-Fiction Book1930But It Still Goes On: An Accumulation
0%
Short Story Collection1929The Shout
0%
Non-Fiction Book1928Mrs. Fisher or the Future of Humour
0%
Non-Fiction Book1928A Pamphlet Against Anthologies
0%
Non-Fiction Book1927Lawrence and the Arabs
0%
Non-Fiction Book1927A Survey of Modernist Poetry
0%
Non-Fiction Book1927Lars Porsena or the Future of Swearing and Improper Language
0%
Non-Fiction Book1927Impenetrability or the Proper Habit of English
0%
Novel1938Count Belisarius
0%
Poetry Collection1927Poems (1914-1927)
0%
Poetry Collection1927Poems (1914-1926)
0%
Non-Fiction Book1926Another Future of Poetry
0%
Non-Fiction Book1925Contemporary Techniques of Poetry: A Political Analogy
0%
Non-Fiction Book1925Poetic Unreason and Other Studies
0%
Essay Collection1925My Head! My Head!
0%
Poetry Collection1925Welchman's Hose
0%
Non-Fiction Book1924The Meaning of Dreams
0%
Poetry Collection1924Mock Beggar Hall
0%
Poetry Collection1923The Feather Bed
0%
Poetry Collection1923Over the Brazier
0%
Non-Fiction Book1922On English Poetry
0%
Novel1936Antigua, Penny, Puce
0%
Non-Fiction Book1938T. E. Lawrence to His Biographer Robert Graves
0%
Novel1957They Hanged My Saintly Billy
0%
Essay Collection1949The Common Asphodel: Collected Essays on Poetry 1922-1949
0%
Poetry Collection1957Poems Selected by Himself
0%
Poetry Collection1920Country Sentiment
0%
Non-Fiction Book1955Adam's Rib
0%
Non-Fiction Book1955The Crowning Privilege: The Clark Lectures, 1954-1955
0%
Non-Fiction Book1955The Greek Myths
0%
Novel1955Homer's Daughter
0%
Non-Fiction Book1954The Nazarene Gospel Restored
0%
Poetry Collection1953Poems 1953
0%
Non-Fiction Book1951The Golden Ass of Apuleius
0%
Poetry Collection1951Poems and Satires
0%
Non-Fiction Book1950Occupation: Writer
0%
Novel1949The Islands of Unwisdom
0%
Poetry Collection1940No More Ghosts: Selected Poems
0%
Novel1949Seven Days in New Crete
0%
Non-Fiction Book1948The White Goddess: a Historical Grammar of Poetic Myth
0%
Novel1946King Jesus
0%
Poetry Collection1945Poems 1938-1945
0%
Novel1944The Golden Fleece
0%
Non-Fiction Book1943The Reader Over Your Shoulder
0%
Novel1943The Story of Marie Powell: Wife to Mr. Milton
0%
Poetry Collection1943Poems
0%
Poetry Collection1942Work in Hand
0%
Novel1941Proceed, Sergeant Lamb
0%
Non-Fiction Book1940The Long Weekend
0%
Novel1940Sergeant Lamb of the Ninth
0%
Poetry Collection2004The Complete Poems in One Volume
0%

Score Distribution

Percentile by Number Answered

Percent of People with Each Score

Your Score History

You have not taken this quiz